| 000 -LEADER |
| fixed length control field |
00706nam a2200181Ia 4500 |
| 008 - FIXED-LENGTH DATA ELEMENTS--GENERAL INFORMATION |
| fixed length control field |
210107s9999 xx 000 0 und d |
| 020 ## - INTERNATIONAL STANDARD BOOK NUMBER |
| International Standard Book Number |
8170367719 |
| 100 ## - MAIN ENTRY--PERSONAL NAME |
| Personal name |
Rogaly, Ben, Harris-White, Barbara and Bose, Sugata |
| 245 #0 - TITLE STATEMENT |
| Title |
Sonar Bangla ? : agricultural growth and agrarian change in West Bengal & Bangladesh |
| 260 ## - PUBLICATION, DISTRIBUTION, ETC. (IMPRINT) |
| Place of publication, distribution, etc |
New Delhi |
| Name of publisher, distributor, etc |
SAGE Publications |
| Date of publication, distribution, etc |
1999 |
| 300 ## - PHYSICAL DESCRIPTION |
| Extent |
424p. |
| 650 #0 - SUBJECT ADDED ENTRY--TOPICAL TERM |
| Topical term or geographic name as entry element |
Agriculture - Economic aspects - India - West Bengal |
|
| Topical term or geographic name as entry element |
Agriculture - Economic aspects - Bangladesh |
| 700 ## - ADDED ENTRY--PERSONAL NAME |
| 9 (RLIN) |
4630 |
| Personal name |
Rogaly, Ben |
|
| 9 (RLIN) |
4631 |
| Personal name |
Harriss-White, Barbara |
|
| 9 (RLIN) |
4632 |
| Personal name |
Bose, Sugata |
| 942 ## - ADDED ENTRY ELEMENTS (KOHA) |
| Item type |
Books |
| Source of classification or shelving scheme |
|